| 000 | 00833nam a22002657a 4500 | ||
|---|---|---|---|
| 005 | 20241114113054.0 | ||
| 007 | cr |||aaa||||| | ||
| 008 | 241114s2018 ck| |||fo|||| 000 0 spa d | ||
| 020 | _a9789587813135 | ||
| 040 |
_aMX-MxUPN _bspa _eaacr2 |
||
| 041 | 0 | _aspa | |
| 050 | 4 | _aLB1066 | |
| 100 | 1 |
_aIglesias, Juliana _954643 |
|
| 100 | 1 |
_aManrique, Adry _954644 |
|
| 245 | 1 | 0 |
_aEstrategias de enseñanza _h[recurso electrónico en línea] |
| 250 | _aPrimera edición | ||
| 260 |
_aBogotá, D.C. : _bPontificia Universidad Javeriana, _c2018 |
||
| 300 |
_a1 recurso en línea : _bEPUB |
||
| 506 | 0 | _aAcceso abierto. | |
| 650 | 4 |
_aEstrategias de aprendizaje _916394 |
|
| 700 | 1 |
_aPatiño, María Isabel _954645 |
|
| 856 | 4 | 0 | _uhttp://hdl.handle.net/10554/40881 |
| 902 | _aVíctorGodínez/141124 | ||
| 942 |
_2lcc _cLIBRO-E |
||
| 999 |
_c212089 _d212089 |
||